Prueba de los gentilicios #3 - Estadísticas

Estadísticas generales
  • Esta prueba ha sido intentada 2.586 veces
    2.379 desde el último reinicio
  • La puntuación promedio es 12 de 18
Estadísticas de respuestas
País Gentilicio % Correcto
España Español
99%
Noruega Noruego
97%
Tailandia Tailandés
97%
Croacia Croata
96%
Vietnam Vietnamita
93%
Lituania Lituano
88%
Camerún Camerunés
86%
Indonesia Indonesio
85%
Kirguistán Kirguís
67%
Guyana Guyanés
66%
Túnez Tunecino
62%
Zimbabue Zimbabuense
46%
Barbados Barbadense
39%
Yibuti Yibutiano
38%
Lesoto Lesotense
31%
San Vicente y las Granadinas Sanvicentino
30%
Tuvalu Tuvaluano
25%
Dominica Dominiqués
24%
No se encontraron pruebas coincidentes
Distribución de puntuación
Porcentaje de gente con cada puntuación
Porcentaje por número respondido
Historial de tus puntuaciones
No has intentado esta prueba desde el último reinicio